[Event "Xtracon Chess Open 2018"]
[Site "Elsinore"]
[Date "2018.07.22"]
[Round "2"]
[White "Hagen, Andreas Skytte"]
[Black "Liabotro, Ola"]
[Result "1-0"]
[WhiteElo "2383"]
[BlackElo "2066"]
[EventDate "2018.07.21"]
[WhiteFideId "1407341"]
[BlackFideId "1512382"]

1.e4 d5 2.exd5 Qxd5 3.Nc3 Qa5 4.d4 Nf6 5.Nf3 c6 6.Bc4 Bf5 7.Bd2 e6 8.Nd5 
Qd8 9.Nxf6+ gxf6 10.Bb3 Nd7 11.Qe2 Qc7 12.Nh4 Bg6 13.g3 Bd6 14.O-O-O O-O-O
15.Nxg6 hxg6 16.h4 f5 17.Bg5 Rde8 18.h5 gxh5 19.Rxh5 f4 20.Rxh8 Rxh8 21.
Qf3 Rh3 22.Qg4 Rh2 23.Rf1 Rh8 24.Bxf4 Bxf4+ 25.gxf4 Nf6 26.Qg5 Qe7 27.c3 
Rg8 28.Qa5 b6 29.Qe5 Nd7 30.Qe4 Kc7 31.f5 Qg5+ 32.f4 exf5 33.fxg5 fxe4 34.
Rxf7 Kd6 35.Rxd7+ 1-0

[Event "Xtracon Chess Open 2018"]
[Site "Elsinore"]
[Date "2018.07.22"]
[Round "2"]
[White "Colbow, Collin"]
[Black "Sawatzki, Frank"]
[Result "0-1"]
[WhiteElo "2055"]
[BlackElo "2380"]
[EventDate "2018.07.21"]
[WhiteFideId "16201132"]
[BlackFideId "4613600"]

1.e4 c5 2.Nf3 e6 3.d4 cxd4 4.Nxd4 a6 5.Nc3 Qc7 6.Bd3 Nf6 7.O-O b5 8.Re1 d6
9.a3 Be7 10.f4 Nbd7 11.Kh1 Bb7 12.Bd2 g6 13.Qe2 e5 14.Nf3 O-O 15.f5 Nb6 
16.Bh6 Rfe8 17.fxg6 hxg6 18.Rad1 Rac8 19.Bg5 Nh5 20.Bxe7 Qxe7 21.Qf2 Nc4 
22.Bxc4 Rxc4 23.Nd2 Rc7 24.Nf1 Rec8 25.Ne3 Nf4 26.Rd2 Rxc3 27.bxc3 Bxe4 
28.Qf1 Qe6 29.a4 Rc5 30.axb5 axb5 31.Nd1 d5 32.Re3 Qc6 33.Rg3 Kg7 34.Nf2 
Rxc3 35.Nxe4 dxe4 36.Rxc3 Qxc3 37.Rf2 e3 38.Rf3 e2 0-1

[Event "Xtracon Chess Open 2018"]
[Site "Elsinore"]
[Date "2018.07.22"]
[Round "2"]
[White "Aabling-Thomsen, Jakob"]
[Black "Nielsen, Klaus"]
[Result "1-0"]
[WhiteElo "2379"]
[BlackElo "2057"]
[EventDate "2018.07.21"]
[WhiteFideId "1407589"]
[BlackFideId "1410210"]

1.c4 c5 2.Nf3 Nc6 3.Nc3 g6 4.e3 Bg7 5.d4 cxd4 6.exd4 d6 7.h3 Nh6 8.d5 Nb8 
9.Bf4 Qb6 10.Qd2 Ng8 11.O-O-O Na6 12.Nb5 Bf5 13.Re1 Kf8 14.g4 Bd7 15.Be3 
Qd8 16.Kb1 Nf6 17.Nc3 Nc5 18.Bh6 a6 19.Nd4 b5 20.cxb5 axb5 21.Bxb5 Bxb5 
22.Ndxb5 Rb8 23.Bxg7+ Kxg7 24.Qd4 h6 25.f4 Kh7 26.Re2 Rb7 27.Rhe1 Rf8 28.
g5 Nh5 29.gxh6 Rg8 30.Rg1 Qd7 31.b4 Rxb5 32.Nxb5 Qxb5 33.Rxe7 Na4 34.f5 g5
35.Rxf7+ Kxh6 36.Re1 Nf4 37.Re6+ Nxe6 38.Qf6+ 1-0

[Event "Xtracon Chess Open 2018"]
[Site "Elsinore"]
[Date "2018.07.22"]
[Round "2"]
[White "Nielsen, Jorgen Lovgren"]
[Black "Haubro, Martin"]
[Result "0-1"]
[WhiteElo "2051"]
[BlackElo "2373"]
[EventDate "2018.07.21"]
[WhiteFideId "1403850"]
[BlackFideId "1414291"]

1.e4 c5 2.Nf3 d6 3.d4 cxd4 4.Nxd4 Nf6 5.Nc3 a6 6.Be2 e5 7.Nb3 Be7 8.Be3 
Be6 9.O-O b5 10.Nd5 Bxd5 11.exd5 Nbd7 12.a4 b4 13.a5 Qb8 14.Bc4 O-O 15.Qe2
Qb7 16.Rfd1 Rfc8 17.Ra4 Ne4 18.f3 Nec5 19.Raa1 Bd8 20.Nd2 f5 21.Nb3 Bf6 
22.Ra2 Qc7 23.Bf2 Re8 24.Be1 Rab8 25.Nxc5 Nxc5 26.Bxa6 e4 27.fxe4 Rxe4 28.
Qf1 Nxa6 29.Qxa6 Qxc2 30.Raa1 Re2 31.Rd2 Rxd2 32.Bxd2 Qxd2 33.Qxd6 Re8 34.
Qg3 Bd4+ 35.Kh1 Bf2 0-1

[Event "Xtracon Chess Open 2018"]
[Site "Elsinore"]
[Date "2018.07.22"]
[Round "2"]
[White "Mortensen, Rogvi"]
[Black "Roy, Prantik"]
[Result "0-1"]
[WhiteElo "2047"]
[BlackElo "2347"]
[EventDate "2018.07.21"]
[WhiteFideId "7202369"]
[BlackFideId "5035120"]

1.d4 e6 2.c4 b6 3.e4 Bb7 4.Bd3 Nc6 5.Nf3 Nb4 6.Nc3 Nxd3+ 7.Qxd3 Ne7 8.O-O 
Ng6 9.e5 d6 10.exd6 Bxd6 11.Ne4 O-O 12.Nxd6 Qxd6 13.Rd1 Rfd8 14.Be3 Bxf3 
15.gxf3 Qc6 16.Qe4 Qxc4 17.Rdc1 Qb5 18.b3 Rac8 19.Qb7 Qd5 20.Rxc7 Rxc7 21.
Qxc7 Nh4 22.Rd1 h6 23.Qg3 Nxf3+ 24.Kf1 Qh5 0-1

[Event "Xtracon Chess Open 2018"]
[Site "Elsinore"]
[Date "2018.07.22"]
[Round "2"]
[White "Pantzar, Milton"]
[Black "Skjoldager, Mikael"]
[Result "1-0"]
[WhiteElo "2333"]
[BlackElo "2057"]
[EventDate "2018.07.21"]
[WhiteFideId "1721003"]
[BlackFideId "1434314"]

1.c4 Nf6 2.Nc3 e5 3.e3 Nc6 4.Nf3 Bc5 5.d4 exd4 6.exd4 Qe7+ 7.Be2 Bb4 8.O-O
Bxc3 9.bxc3 h6 10.Re1 O-O 11.Bd3 Qd8 12.d5 Na5 13.d6 b6 14.Bf4 c5 15.Nh4 
Nd5 16.Bg3 Nf4 17.Be4 Bb7 18.Bxb7 Nxb7 19.Qf3 Na5 20.Qxf4 g5 21.Qg4 h5 22.
Qxh5 gxh4 23.Bxh4 1-0

[Event "Xtracon Chess Open 2018"]
[Site "Elsinore"]
[Date "2018.07.22"]
[Round "2"]
[White "Hansen, Svein E"]
[Black "Chittka, Julius"]
[Result "1/2-1/2"]
[WhiteElo "2041"]
[BlackElo "2333"]
[EventDate "2018.07.21"]
[WhiteFideId "1519727"]
[BlackFideId "12954772"]

1.d4 Nf6 2.c4 g6 3.Nc3 d5 4.Nf3 Bg7 5.cxd5 Nxd5 6.e4 Nxc3 7.bxc3 c5 8.Be3 
Qa5 9.Qd2 Nc6 10.Be2 Bg4 11.e5 Rd8 12.Rb1 cxd4 13.cxd4 Qxd2+ 14.Nxd2 Bxe2 
15.Kxe2 Nxd4+ 16.Bxd4 Rxd4 17.Rxb7 Ra4 18.Rc1 O-O 19.Rc2 e6 20.Nf3 a5 21.
Rb5 Rd8 22.g3 Bf8 23.Kf1 Rd3 24.Kg2 Rd7 25.h3 Bb4 26.Rb8+ Kg7 27.g4 Be7 
28.g5 Rd8 29.Rb7 Ba3 30.Rcc7 Rf8 31.Nh2 Rb4 32.Ra7 Rb5 33.Ng4 Bc5 1/2-1/2

[Event "Xtracon Chess Open 2018"]
[Site "Elsinore"]
[Date "2018.07.22"]
[Round "2"]
[White "Skaarup, Kasper"]
[Black "Taylor, Adam C"]
[Result "1/2-1/2"]
[WhiteElo "2037"]
[BlackElo "2326"]
[EventDate "2018.07.21"]
[WhiteFideId "1446045"]
[BlackFideId "424668"]

1.d4 Nf6 2.Bg5 c5 3.Nc3 e6 4.Nf3 h6 5.Bxf6 Qxf6 6.Ne4 Qf5 7.Ng3 Qf6 8.e4 
cxd4 9.e5 Qd8 10.Qxd4 Nc6 11.Qd2 Qc7 12.O-O-O Nxe5 13.Nxe5 Qxe5 14.f4 Qc7 
15.f5 Be7 16.Qd4 Bf6 17.Qg4 Qb6 18.c3 O-O 19.Bd3 d5 20.Rhf1 e5 21.Nh5 Bd7 
22.Bc2 Qe3+ 23.Kb1 Qg5 24.Nxf6+ gxf6 25.Qxg5+ hxg5 26.Rxd5 Bc6 27.Rd2 Kg7 
28.Re1 Rh8 29.h3 Rh4 30.Rf2 g4 31.Re3 gxh3 32.Rg3+ Kh7 33.Rxh3 Rxh3 34.
gxh3 Rg8 35.a4 Rg1+ 36.Ka2 Rh1 37.b4 Rxh3 38.c4 Bf3 39.Kb2 e4 40.Rf1 Kh6 
41.Re1 Rh4 42.Kc3 Kg5 43.Re3 Rf4 44.Kd4 Bg4 45.c5 Bxf5 46.b5 Rf2 47.Bxe4 
Bxe4 48.Rxe4 Rd2+ 49.Ke3 Rd1 50.Rd4 Re1+ 51.Kf3 Re7 52.c6 bxc6 53.bxc6 Rc7
54.Rd7 Rxc6 55.Rxa7 Rc3+ 56.Kf2 Kg6 57.a5 f5 58.a6 Ra3 59.Ra8 Kg5 60.Rg8+ 
Kf4 61.Rf8 Ra2+ 62.Kg1 Kg3 63.Kf1 Kf3 64.Kg1 Kg3 65.Kf1 f4 66.Rxf7 Rxa6 
67.Rf8 Ra1+ 68.Ke2 Ra2+ 69.Kf1 Rd2 70.Rb8 Rf2+ 71.Kg1 Rc2 72.Rg8+ Kf3 73.
Rf8 Rc1+ 74.Kh2 Rc4 75.Kg1 Rd4 76.Rf7 Re4 77.Kf1 Ke3 78.Ra7 Kf3 79.Rf7 Ra4
80.Kg1 Ra1+ 81.Kh2 Ke3 82.Kg2 Ra2+ 83.Kf1 Kf3 84.Kg1 Rb2 85.Rf8 Rb4 86.Rf7
Rb3 87.Rf8 Rb1+ 88.Kh2 Re1 89.Rf7 Re4 90.Kg1 Re1+ 91.Kh2 Ke3 92.Kg2 Re2+ 
93.Kf1 Rc2 94.Rf8 Kf3 95.Kg1 Rg2+ 96.Kf1 Rg7 97.Ra8 Kg3 98.Ra3+ 1/2-1/2

[Event "Xtracon Chess Open 2018"]
[Site "Elsinore"]
[Date "2018.07.22"]
[Round "2"]
[White "Dauth, Benjamin"]
[Black "1941, Bo HT Eriksson"]
[Result "1-0"]
[WhiteElo "2325"]
[BlackElo "2053"]
[EventDate "2018.07.21"]
[WhiteFideId "4688104"]
[BlackFideId "1702777"]

1.e4 c5 2.c3 d5 3.exd5 Qxd5 4.d4 Nc6 5.Nf3 Bg4 6.Be2 cxd4 7.cxd4 e6 8.Nc3 
Bb4 9.O-O Qa5 10.Ne4 Rd8 11.Be3 Be7 12.Qb3 Qb4 13.Qxb4 Nxb4 14.Bb5+ Kf8 
15.Ne5 a6 16.Ba4 Bf5 17.Nc5 Bxc5 18.dxc5 Ke7 19.c6 b5 20.Bc5+ Ke8 21.Bxb4 
bxa4 22.Rfd1 1-0

[Event "Xtracon Chess Open 2018"]
[Site "Elsinore"]
[Date "2018.07.22"]
[Round "2"]
[White "Fransson, Angelina"]
[Black "Berg, Klaus"]
[Result "1-0"]
[WhiteElo "2035"]
[BlackElo "2322"]
[EventDate "2018.07.21"]
[WhiteFideId "1712632"]
[BlackFideId "1400053"]

1.e4 d5 2.exd5 Qxd5 3.Nc3 Qa5 4.d4 c6 5.h3 Bf5 6.Nf3 e6 7.Be2 Nd7 8.O-O 
Ngf6 9.Bf4 Be7 10.Bh2 O-O 11.Nh4 Bg6 12.Nxg6 hxg6 13.Qc1 Rfd8 14.Nb1 c5 
15.dxc5 Nxc5 16.Bf3 Rac8 17.Nc3 Qb6 18.Rb1 a5 19.Qe3 Bd6 20.Bxd6 Rxd6 21.
Rfd1 Rxd1+ 22.Bxd1 Ne8 23.Ne4 Nd6 24.Nxd6 Qxd6 25.Bf3 Qb6 26.c3 Qb5 27.b3 
Rd8 28.b4 Na4 29.Be2 Qf5 30.Rb3 Qc2 31.bxa5 Qxa2 32.Rxb7 Nxc3 33.Qxc3 Qxe2
34.Rb1 Ra8 35.Qc7 Qe4 36.Rb8+ Rxb8 37.Qxb8+ Kh7 38.a6 Qe1+ 39.Kh2 Qxf2 40.
a7 e5 41.a8=Q Qf4+ 42.g3 1-0

[Event "Xtracon Chess Open 2018"]
[Site "Elsinore"]
[Date "2018.07.22"]
[Round "2"]
[White "Jacobsen, Mikkel Manosri"]
[Black "Stray, Gunnar"]
[Result "1-0"]
[WhiteElo "2320"]
[BlackElo "2048"]
[EventDate "2018.07.21"]
[WhiteFideId "1444514"]
[BlackFideId "1501631"]

1.d4 d5 2.c4 c6 3.Nc3 Nf6 4.Bg5 e6 5.e3 Nbd7 6.cxd5 exd5 7.Bd3 Be7 8.Qc2 
h6 9.Bh4 O-O 10.Nge2 Re8 11.O-O Ne4 12.Bxe7 Qxe7 13.Rae1 Ndf6 14.f3 Nxc3 
15.Nxc3 Be6 16.Qd2 Red8 17.Bb1 Qd7 18.g4 Nh7 19.Qd3 Nf8 20.Ne2 f6 21.Rf2 
Bf7 22.Ng3 Bg6 23.Nf5 Bxf5 24.Qxf5 Qxf5 25.Bxf5 Re8 26.Rc2 Re7 27.b4 g6 
28.Bd3 Kf7 29.Kf2 Ne6 30.b5 Rc8 31.bxc6 Rxc6 32.Rd2 Rec7 33.Bb5 Rc2 34.Ke2
Ke7 35.Ba4 R2c3 36.Rb1 Kd6 37.Rb5 Re7 38.Kf2 b6 39.Rb3 Rc1 40.Rbb2 Rec7 
41.Rd1 g5 42.Rb1 R1c3 43.Rb5 Re7 44.Rb2 Rec7 45.h4 Rc1 46.Rb1 Rxd1 47.Rxd1
a6 48.hxg5 hxg5 49.Rh1 b5 50.Bb3 a5 51.Rh6 a4 52.Bd1 Rf7 53.Ke2 Kc6 54.Kd3
Kb7 55.a3 Rf8 56.Bc2 Rf7 57.Bb1 Kc6 58.Kc3 Kd6 59.Ba2 Rc7+ 60.Kd2 Rf7 61.
Bb1 Ke7 62.Bd3 Nc7 63.Kc3 Kd7 64.e4 Kc6 65.e5 Ne8 66.Bg6 Rf8 67.Bxe8+ Rxe8
68.Rxf6+ Kb7 69.Kb4 Rc8 70.Kxb5 1-0

[Event "Xtracon Chess Open 2018"]
[Site "Elsinore"]
[Date "2018.07.22"]
[Round "2"]
[White "Hobber, Anders"]
[Black "Gonzalez, Francisco Silva"]
[Result "1/2-1/2"]
[WhiteElo "2312"]
[BlackElo "2045"]
[EventDate "2018.07.21"]
[WhiteFideId "1505424"]
[BlackFideId "1512285"]

1.d4 Nf6 2.Bf4 d5 3.e3 c5 4.Nc3 cxd4 5.exd4 a6 6.Nf3 Nc6 7.Be2 Bf5 8.Ne5 
Qb6 9.Nxc6 Qxc6 10.O-O e6 11.Bd3 Bxd3 12.Qxd3 Rc8 13.Rfc1 Be7 14.Bg5 O-O 
15.Ne2 Qc7 16.a4 1/2-1/2

[Event "Xtracon Chess Open 2018"]
[Site "Elsinore"]
[Date "2018.07.22"]
[Round "2"]
[White "Svendsen, Mads O."]
[Black "Rydstrom, Tom"]
[Result "0-1"]
[WhiteElo "2030"]
[BlackElo "2307"]
[EventDate "2018.07.21"]
[WhiteFideId "1411780"]
[BlackFideId "1714830"]

1.e4 c5 2.Nf3 e6 3.d3 Nc6 4.g3 g6 5.Bg2 Bg7 6.O-O Nge7 7.Re1 d6 8.Nbd2 O-O
9.h4 e5 10.Nf1 f5 11.exf5 gxf5 12.N1h2 Kh8 13.Ng5 Qe8 14.c3 h6 15.Nh3 Bd7 
16.Bf3 Ng8 17.Nf4 Nf6 18.Bh5 Nxh5 19.Qxh5 Ne7 20.Qxe8 Rfxe8 21.Nh5 Bc6 22.
Nxg7 Kxg7 23.f3 b5 24.b3 a5 25.c4 a4 26.Bd2 axb3 27.axb3 b4 28.Reb1 Bb7 
29.Kf2 Nc6 30.Be3 h5 31.Nf1 Nd4 32.Bxd4 exd4 33.Rxa8 Rxa8 34.Re1 Kf7 35.
Nh2 Ra3 36.Rb1 Ra2+ 37.Kg1 Kf6 0-1

[Event "Xtracon Chess Open 2018"]
[Site "Elsinore"]
[Date "2018.07.22"]
[Round "2"]
[White "Tryggestad, Andreas Garberg"]
[Black "Acikel, Mert"]
[Result "1-0"]
[WhiteElo "2302"]
[BlackElo "2040"]
[EventDate "2018.07.21"]
[WhiteFideId "1513338"]
[BlackFideId "12956465"]

1.b3 e5 2.Bb2 Nc6 3.e3 d6 4.Nf3 Nf6 5.d4 exd4 6.Nxd4 Nxd4 7.Qxd4 Bf5 8.c4 
c6 9.Nc3 Qb6 10.Qf4 Be6 11.Be2 O-O-O 12.O-O Be7 13.Ne4 Nxe4 14.Qxe4 Bf6 
15.Bxf6 gxf6 16.Qf4 f5 17.Rfd1 Qc5 18.Qd4 Qxd4 19.Rxd4 c5 20.Rd2 d5 21.
cxd5 Rxd5 22.Rxd5 Bxd5 23.Bd3 Be6 24.Kf1 Rd8 25.Ke2 Kc7 26.g3 Kb6 27.h4 
Ka5 28.e4 Re8 29.Kf3 Rd8 30.Ke3 Re8 31.Kd2 Kb4 32.exf5 Bd5 33.g4 Ka3 34.g5
Kb2 35.Rc1 b6 36.Rc2+ Ka3 37.f6 a5 38.Bxh7 Rh8 39.g6 fxg6 40.Bxg6 Rxh4 41.
Ke3 Rh3+ 42.Kf4 Rf3+ 43.Ke5 Bg8 44.Be4 Rh3 45.f4 Re3 46.Rg2 Bf7 47.Rg7 Be8
48.f7 Bxf7 49.Rxf7 Kxa2 50.Rb7 1-0

[Event "Xtracon Chess Open 2018"]
[Site "Elsinore"]
[Date "2018.07.22"]
[Round "2"]
[White "Pakmor, Claus"]
[Black "Thogersen, Rasmus"]
[Result "0-1"]
[WhiteElo "2023"]
[BlackElo "2297"]
[EventDate "2018.07.21"]
[WhiteFideId "1431609"]
[BlackFideId "1431412"]

1.e4 c5 2.Nc3 a6 3.g3 b5 4.a4 b4 5.Nce2 Bb7 6.Bg2 Nf6 7.d3 e6 8.Nf3 d5 9.
e5 Nfd7 10.d4 Nc6 11.c3 a5 12.O-O Ba6 13.Re1 Be7 14.Nf4 O-O 15.Bh3 bxc3 
16.bxc3 cxd4 17.cxd4 Bb4 18.Nxe6 fxe6 19.Bxe6+ Kh8 20.Bxd5 Bxe1 21.Qxe1 
Ndxe5 22.Bxc6 Nxc6 23.Qe3 Qd5 24.Ra3 Rae8 0-1

[Event "Xtracon Chess Open 2018"]
[Site "Elsinore"]
[Date "2018.07.22"]
[Round "2"]
[White "Goff, Ronan Le"]
[Black "Alquist, Erik"]
[Result "1-0"]
[WhiteElo "2295"]
[BlackElo "2035"]
[EventDate "2018.07.21"]
[WhiteFideId "612073"]
[BlackFideId "1707701"]

1.Nf3 Nf6 2.g3 g6 3.Bg2 Bg7 4.O-O O-O 5.d4 d5 6.c4 dxc4 7.Na3 c3 8.bxc3 
Bf5 9.Nd2 Qc8 10.Nac4 c5 11.Ba3 cxd4 12.cxd4 Nc6 13.e3 Qe6 14.Re1 Bg4 15.
Qa4 Rab8 16.Rab1 b5 17.Rxb5 Rxb5 18.Qxb5 Nxd4 19.Qa4 Ne2+ 20.Kh1 Nc3 21.
Qc2 Nfd5 22.e4 Nb6 23.Nxb6 axb6 24.f3 Bh3 25.Bxh3 Qxh3 26.Bxe7 Rc8 27.Rc1 
Ra8 28.Qd3 Nxa2 29.Qd5 Re8 30.Qxa2 Be5 31.f4 Bxf4 32.gxf4 Rxe7 33.Qa8+ Kg7
34.Qc8 Qh4 35.Qc3+ Kh6 36.Rf1 Rd7 37.Nc4 Rc7 38.Qd3 b5 39.Nd6 Qg4 40.Nf5+ 
Kh5 41.h3 1-0

[Event "Xtracon Chess Open 2018"]
[Site "Elsinore"]
[Date "2018.07.22"]
[Round "2"]
[White "Roder, Peter Ulrik"]
[Black "Lammers, Markus"]
[Result "0-1"]
[WhiteElo "2021"]
[BlackElo "2293"]
[EventDate "2018.07.21"]
[WhiteFideId "1402471"]
[BlackFideId "4680847"]

1.e4 e5 2.Nf3 Nf6 3.Nxe5 d6 4.Nf3 Nxe4 5.Nc3 Nxc3 6.dxc3 Be7 7.Bd3 O-O 8.
Be3 Nc6 9.Qd2 Ne5 10.Nxe5 dxe5 11.O-O-O Be6 12.Kb1 Qe8 13.Qe2 Qa4 14.b3 
Qc6 15.Bc1 f5 16.f3 Bf6 17.c4 Rae8 18.Bb2 Bd7 19.Rhe1 Rf7 20.Qf2 e4 21.Bf1
Bxb2 22.Kxb2 b6 23.f4 Rfe7 24.Qe3 a5 25.a4 Bc8 26.c3 Rd7 27.Rd4 Red8 28.
Red1 h6 29.g3 Kh7 30.Rxd7 Rxd7 31.Rxd7 Qxd7 32.Be2 c5 33.h4 Qd6 34.Kc2 Qe7
35.Kc1 Bd7 36.Bd1 Be8 37.Be2 Bf7 38.Bd1 g5 39.hxg5 hxg5 40.Kd2 Qd6+ 41.Ke1
gxf4 42.gxf4 Qh6 43.Qg3 Qh1+ 44.Kd2 Bh5 45.Be2 Bxe2 46.Kxe2 Qh5+ 47.Ke3 
Kh6 48.Qg2 Qh4 49.Qf1 Qg3+ 50.Kd2 Qd3+ 51.Qxd3 exd3 52.Kxd3 Kh5 0-1

[Event "Xtracon Chess Open 2018"]
[Site "Elsinore"]
[Date "2018.07.22"]
[Round "2"]
[White "Mikalsen, Erlend"]
[Black "Christiansen, Arne"]
[Result "1-0"]
[WhiteElo "2292"]
[BlackElo "2032"]
[EventDate "2018.07.21"]
[WhiteFideId "1507338"]
[BlackFideId "1402013"]

1.e4 e5 2.Nc3 Bc5 3.f4 d6 4.Nf3 Nc6 5.Bc4 Nf6 6.d3 O-O 7.f5 Na5 8.Qe2 c6 
9.Bg5 Nxc4 10.dxc4 Bb4 11.O-O-O Bxc3 12.bxc3 Qe7 13.g4 b6 14.Bh4 d5 15.
Bxf6 gxf6 16.Kb2 Ba6 17.Qe3 Bxc4 18.Qh6 Rfd8 19.g5 Rd6 20.gxf6 Qxf6 21.
Rhg1+ Kh8 22.Ng5 Qxh6 23.Nxf7# 1-0

[Event "Xtracon Chess Open 2018"]
[Site "Elsinore"]
[Date "2018.07.22"]
[Round "2"]
[White "Rasmussen, Ken L."]
[Black "Debarshi, Mukherjee"]
[Result "0-1"]
[WhiteElo "2009"]
[BlackElo "2292"]
[EventDate "2018.07.21"]
[WhiteFideId "1443933"]
[BlackFideId "5007291"]

1.e4 c5 2.Nf3 Nc6 3.Bb5 d6 4.Bxc6+ bxc6 5.O-O e5 6.c3 f5 7.d3 fxe4 8.dxe4 
Be7 9.Nbd2 Nh6 10.Nc4 Nf7 11.Qa4 Bd7 12.Be3 O-O 13.Qa6 Qc7 14.Rfd1 Bg4 15.
Na5 Bxf3 16.gxf3 Bg5 17.b4 Bxe3 18.fxe3 Ng5 19.Qxc6 Nxf3+ 20.Kh1 Qe7 21.
Qd5+ Kh8 22.Rf1 Rac8 23.Qd1 Qh4 24.Qc2 cxb4 25.Qg2 Qxe4 26.cxb4 Rc2 0-1

[Event "Xtracon Chess Open 2018"]
[Site "Elsinore"]
[Date "2018.07.22"]
[Round "2"]
[White "Rewitz, Poul"]
[Black "Kleimark, Anders"]
[Result "1-0"]
[WhiteElo "2289"]
[BlackElo "2024"]
[EventDate "2018.07.21"]
[WhiteFideId "1401033"]
[BlackFideId "1709968"]

1.d4 Nf6 2.Bg5 d5 3.e3 c6 4.Nc3 Bf5 5.Bxf6 exf6 6.Bd3 Bg6 7.Nf3 Bd6 8.O-O 
O-O 9.Ne2 Re8 10.c4 dxc4 11.Bxc4 Nd7 12.Ng3 Nb6 13.Bd3 Nd5 14.a3 Qd7 15.
Qc2 Rac8 16.b4 a5 17.Bf5 Bxf5 18.Qxf5 Qxf5 19.Nxf5 Bc7 20.g4 g6 21.Ng3 
axb4 22.axb4 Nxb4 23.Rfb1 Bd6 24.Ra4 Nd5 25.Rxb7 Bxg3 26.hxg3 Ra8 27.Raa7 
Rxa7 28.Rxa7 Re4 29.Ra6 Ne7 30.g5 f5 31.Ne5 c5 32.Nd7 Kg7 33.Nxc5 Rg4 34.
Ra7 Nc6 35.Rc7 Nb4 36.Ne6+ 1-0

[Event "Xtracon Chess Open 2018"]
[Site "Elsinore"]
[Date "2018.07.22"]
[Round "2"]
[White "Jensen, Morten Frank"]
[Black "Foisor, Sabina-Francesca"]
[Result "0-1"]
[WhiteElo "2007"]
[BlackElo "2285"]
[EventDate "2018.07.21"]
[WhiteFideId "1407325"]
[BlackFideId "1212915"]

1.g3 d5 2.Bg2 Nf6 3.c4 e6 4.Nf3 Be7 5.cxd5 exd5 6.d4 O-O 7.O-O c6 8.Nc3 
Bf5 9.Bg5 Ne4 10.Bxe7 Qxe7 11.Nh4 Bc8 12.Nf3 Nd7 13.e3 Nb6 14.Nd2 Nd6 15.
b3 Bf5 16.a4 a5 17.Re1 Be4 18.f3 Bd3 19.e4 Rfe8 20.exd5 Qf6 21.Nde4 Qxd4+ 
22.Kh1 Nxe4 23.Nxe4 Qxd5 24.Re3 Bxe4 25.Rxe4 Rad8 26.Qg1 Rxe4 27.fxe4 Qd4 
28.Bf3 f6 29.Rd1 Qxg1+ 30.Kxg1 Rxd1+ 31.Bxd1 Kf7 32.Kf2 Ke6 33.Ke3 Kd6 34.
Kd4 Nd7 35.Be2 b6 36.Bf1 Nc5 37.Bc4 Ne6+ 38.Ke3 Ke5 39.Bd3 g5 40.h3 Nc5 
41.Bc2 h5 42.h4 g4 43.Bd3 Nxb3 44.Bc4 Nc5 45.Bf7 Nxe4 0-1

[Event "Xtracon Chess Open 2018"]
[Site "Elsinore"]
[Date "2018.07.22"]
[Round "2"]
[White "Jorgensen, Brian"]
[Black "Andersson, Lars"]
[Result "1-0"]
[WhiteElo "2281"]
[BlackElo "2022"]
[EventDate "2018.07.21"]
[WhiteFideId "1401599"]
[BlackFideId "1706772"]

1.d4 f5 2.Nf3 Nf6 3.Bf4 g6 4.e3 Bg7 5.Bc4 e6 6.h3 d5 7.Bb3 Nbd7 8.c4 c6 9.
Nbd2 O-O 10.Qc2 Re8 11.O-O Ne4 12.Bh2 Ndf6 13.Ne5 Bd7 14.f3 Nxd2 15.Qxd2 
Qe7 16.Rae1 Rf8 17.a3 Kh8 18.Rf2 Be8 19.g4 Rd8 20.Rc1 Nd7 21.Qa5 Nxe5 22.
dxe5 b6 23.Qe1 c5 24.cxd5 exd5 25.f4 Bc6 26.Rd2 Rd7 27.Bg3 Qe6 28.Qe2 Bb7 
29.Rcd1 Rc8 30.Kh2 a6 31.gxf5 gxf5 32.Qh5 Rf8 33.Rg1 c4 34.Bc2 c3 35.bxc3 
Rc7 36.Bh4 Bxe5 37.fxe5 Qxe5+ 38.Bg3 Qxc3 39.Bxc7 Qxc7+ 40.Rg3 Rg8 41.Qh4 
1-0

[Event "Xtracon Chess Open 2018"]
[Site "Elsinore"]
[Date "2018.07.22"]
[Round "2"]
[White "Khlopushin, Dmitriy"]
[Black "Baum, Bernd"]
[Result "0-1"]
[WhiteElo "2000"]
[BlackElo "2280"]
[EventDate "2018.07.21"]
[WhiteFideId "44147864"]
[BlackFideId "4611853"]

1.e4 c5 2.c3 d5 3.exd5 Qxd5 4.d4 g6 5.Nf3 Bg7 6.dxc5 Qxc5 7.Be3 Qc7 8.Be2 
Nf6 9.Na3 a6 10.Qa4+ Bd7 11.Nb5 Qd8 12.Ne5 O-O 13.Rd1 Qc8 14.Qa5 Nc6 15.
Nxc6 Qxc6 16.Nd4 Qxg2 17.Bf3 Qh3 18.Rg1 Bg4 19.Rg3 Qh5 20.Qb4 Rad8 21.h3 
Bxf3 22.Nxf3 Rxd1+ 23.Kxd1 Rd8+ 24.Ke1 Qd5 25.Nd2 Qd7 26.c4 Ne4 27.Rg4 f5 
28.Rxe4 fxe4 29.c5 Bd4 30.Qb3+ Kg7 31.Nxe4 Bxe3 32.fxe3 Qxh3 33.Nf2 Qd7 
34.Qc3+ Kg8 35.b4 Qd5 36.a3 Qf5 37.Qc4+ Qf7 38.Qe4 Rf8 39.Ng4 Qf1+ 40.Kd2 
Rd8+ 41.Kc3 Qc1+ 42.Kb3 Qd1+ 43.Kc3 Qd5 44.Qxe7 Qd3+ 45.Kb2 Qe2+ 0-1

[Event "Xtracon Chess Open 2018"]
[Site "Elsinore"]
[Date "2018.07.22"]
[Round "2"]
[White "O`Gorman, Tom"]
[Black "Hakansson, Stefan"]
[Result "0-1"]
[WhiteElo "2280"]
[BlackElo "2019"]
[EventDate "2018.07.21"]
[WhiteFideId "2508249"]
[BlackFideId "1708198"]

1.e4 c5 2.Nc3 Nc6 3.Nge2 Nf6 4.d4 cxd4 5.Nxd4 e5 6.Ndb5 d6 7.Bg5 a6 8.Na3 
b5 9.Nd5 Qa5+ 10.Bd2 Qd8 11.c4 Nxd5 12.exd5 Ne7 13.cxb5 g6 14.bxa6 Bg7 15.
Qa4+ Bd7 16.Nb5 O-O 17.Qa3 Bxb5 18.Bxb5 Qb6 19.Qa5 Qd4 20.O-O Qxd5 21.Be3 
Rfb8 22.a4 Qe6 23.a7 Rf8 24.Rac1 d5 25.Bc5 e4 26.Bxe7 Qxe7 27.Rc7 Qd8 28.
Rfc1 Bxb2 29.R1c6 Be5 30.Kf1 d4 31.Ke1 e3 32.Bd3 exf2+ 33.Kxf2 Qh4+ 34.Ke2
Qh5+ 35.Kf1 Qd1+ 36.Kf2 Bxc7 37.Qxc7 Qxd3 38.Rb6 Rae8 0-1

[Event "Xtracon Chess Open 2018"]
[Site "Elsinore"]
[Date "2018.07.22"]
[Round "2"]
[White "Greeuw, Sietske"]
[Black "Storme, Isak"]
[Result "1/2-1/2"]
[WhiteElo "1998"]
[BlackElo "2277"]
[EventDate "2018.07.21"]
[WhiteFideId "1020285"]
[BlackFideId "1728113"]

1.e4 c5 2.c3 d5 3.exd5 Nf6 4.d4 cxd4 5.Qa4+ Nbd7 6.Qxd4 g6 7.Nf3 Bg7 8.Be2
O-O 9.O-O Nb6 10.Rd1 Nfxd5 11.Qh4 Qc7 12.Na3 e5 13.Bh6 a6 14.Nc2 Bxh6 15.
Qxh6 Nf4 16.Bf1 Bg4 17.Ng5 f6 18.f3 fxg5 19.fxg4 Qc5+ 20.Kh1 Qf2 21.Nb4 
Qxb2 22.Qxg5 Qxc3 23.Nd3 Nxd3 24.Bxd3 Rf7 25.Bxg6 hxg6 26.Qxg6+ Kf8 27.
Qxb6 Re8 28.Qh6+ Kg8 29.Qg6+ Kf8 30.Qh6+ Kg8 31.Qg6+ 1/2-1/2

[Event "Xtracon Chess Open 2018"]
[Site "Elsinore"]
[Date "2018.07.22"]
[Round "2"]
[White "Buchenau, Frank"]
[Black "Larsen, Ulrik"]
[Result "1-0"]
[WhiteElo "2275"]
[BlackElo "2011"]
[EventDate "2018.07.21"]
[WhiteFideId "4604350"]
[BlackFideId "1441167"]

1.e4 e5 2.Bc4 Nf6 3.d3 Nc6 4.Nf3 h6 5.O-O d6 6.Re1 Na5 7.Bd5 c6 8.Bxf7+ 
Kxf7 9.b4 Be7 10.Bd2 Rf8 11.bxa5 Kg8 12.Bc3 Bg4 13.Nbd2 Nh5 14.h3 Bxf3 15.
Nxf3 Nf4 16.Kh2 Qd7 17.d4 Qe6 18.Re3 Qg6 19.g3 exd4 20.Nxd4 Ne6 21.Nf5 Bg5
22.h4 Rxf5 23.exf5 1-0

[Event "Xtracon Chess Open 2018"]
[Site "Elsinore"]
[Date "2018.07.22"]
[Round "2"]
[White "Schmitt, Carsten"]
[Black "Song, Edward"]
[Result "0-1"]
[WhiteElo "1997"]
[BlackElo "2275"]
[EventDate "2018.07.21"]
[WhiteFideId "24675253"]
[BlackFideId "2051192"]

1.c4 g6 2.g3 Bg7 3.Bg2 e6 4.Nc3 Ne7 5.e4 c5 6.Nge2 Nbc6 7.d3 O-O 8.O-O b6 
9.Be3 Nd4 10.e5 Rb8 11.f4 d6 12.Bxd4 cxd4 13.exd6 Nf5 14.Nb5 a6 15.Na7 Bb7
16.Bxb7 Rxb7 17.Nc6 Qxd6 18.Qa4 Qd7 19.b3 Ne3 20.Rf3 b5 21.Qxa6 bxc4 22.
bxc4 Qc7 23.Ncxd4 Nf5 24.Nxf5 Bxa1 25.Nh6+ Kg7 26.Ng4 Rb1+ 27.Rf1 Qc5+ 28.
Kg2 Rfb8 29.Rxb1 Rxb1 30.Qa8 Rb2 31.Qf3 Rxa2 32.h4 h5 33.Nf2 Qb4 34.g4 
hxg4 35.Qxg4 Qe1 0-1

[Event "Xtracon Chess Open 2018"]
[Site "Elsinore"]
[Date "2018.07.22"]
[Round "2"]
[White "Larsen, Jens Evald"]
[Black "Aase, Olav Idar"]
[Result "0-1"]
[WhiteElo "1433"]
[BlackElo "1832"]
[EventDate "2018.07.21"]
[WhiteFideId "1409603"]
[BlackFideId "1502646"]

1.d4 Nf6 2.c4 e6 3.Nf3 b6 4.g3 Bb7 5.Bg2 d5 6.cxd5 exd5 7.O-O Be7 8.Nc3 
O-O 9.b3 Nbd7 10.Bb2 Re8 11.Rc1 a6 12.e3 b5 13.Qe2 Bd6 14.Rc2 Nb6 15.Rfc1 
b4 16.Nb1 a5 17.Nbd2 Nbd7 18.Bh3 Ba6 19.Qd1 Bd3 20.Rc6 Nb8 21.Ne5 Bxe5 22.
dxe5 Nxc6 23.Rxc6 Nd7 24.f4 Nf8 25.Qg4 g6 26.Rf6 Be4 27.Qg5 Ne6 28.Qh6 Qe7
29.Nxe4 dxe4 30.f5 Qf8 31.Qh4 Qc5 32.Qh6 Qf8 33.Qh4 Nc5 34.Rc6 Nd3 35.fxg6
hxg6 36.Bd4 Nxe5 37.Qf6 Qe7 38.Bxe5 Qxe5 39.Qxe5 Rxe5 40.Rxc7 Rd8 41.Rc2 
Red5 42.Bg2 Rd1+ 43.Bf1 Ra1 44.Kf2 Rdd1 45.Be2 Rdc1 46.Rd2 Rc3 47.Kg2 Rac1
48.Bd1 Rd3 49.Rxd3 exd3 0-1